Physical anthropology 03/04
Wedi'i Gadw mewn:
| Fformat: | Sách giấy |
|---|---|
| Cyhoeddwyd: |
Boston :
McGraw-Hill,
2003
|
| Rhifyn: | Twenlfth edition |
| Pynciau: | |
| Mynediad Ar-lein: | Table of contents Publisher description |
| Tagiau: |
Ychwanegu Tag
Dim Tagiau, Byddwch y cyntaf i dagio'r cofnod hwn!
|
| Thư viện lưu trữ: | Thư viện Trường Đại học Đà Lạt |
|---|
| LEADER | 01006nam a2200337 4500 | ||
|---|---|---|---|
| 001 | DLU060055702 | ||
| 005 | ##20061018 | ||
| 008 | ##020314s2003 mauab b 001 0 eng | ||
| 010 | # | # | |a 2002021894 |
| 020 | # | # | |a 0072485949 (softcover : alk. paper) |
| 040 | # | # | |a DLC |c DLC |d DLC |
| 050 | # | # | |a GN60 |b .S72 2003 |
| 082 | # | # | |a 658.05 |b Phy |
| 245 | # | # | |a Physical anthropology 03/04 |
| 250 | # | # | |a Twenlfth edition |
| 260 | # | # | |a Boston : |b McGraw-Hill, |c 2003 |
| 300 | # | # | |a xvi, 223 p. ; |c 29 cm |
| 504 | # | # | |a Includes bibliographical references and index. |
| 650 | # | # | |a Physical anthropology |
| 856 | # | # | |3 Table of contents |u http://www.loc.gov/catdir/toc/mh041/2002021894.html |
| 856 | # | # | |3 Publisher description |u http://www.loc.gov/catdir/description/mh022/2002021894.html |
| 923 | # | # | |a 25/2006 |
| 992 | # | # | |a 11.900 |
| 994 | # | # | |a DLU |
| 900 | # | # | |a True |
| 911 | # | # | |a Đào Thị Thu Huyền |
| 925 | # | # | |a G |
| 926 | # | # | |a A |
| 927 | # | # | |a SH |
| 980 | # | # | |a Thư viện Trường Đại học Đà Lạt |


